000 01146nas a2200349 4500
001 BR2018000604
003 BR-BrBNA
005 20231205131254.0
007 ta
008 230509b bl.|||p| |||| 00| 00por d
040 _aBR-BrBNA
_bpor
_cBiblioteca Nacional de Agricultura
041 _a(En)
072 _aL51; L50
100 1 _aLima, L.A.
100 1 _aSilva, A.M. de A.
100 1 _aBezerra, L.R.
100 1 _aMoraies, J.S. de
100 1 _aAraújo, M.J. de
100 1 _aOliveira, R.L.
100 1 _aSilva, T.P.D. e
100 1 _aPereira, E.S.
245 1 _aEffects of the buriti (Mauritia flexuosa L.)oil supplementation on crossbred lactating goats: behavioral, physiological, and hematological responses
650 _aCABRA
650 _aHÁBITO ALIMENTAR
650 _aÓLEO VEGETAL
650 _aANÁLISE QUÍMICA
650 _aFISIOLOGIA ANIMAL
773 0 _tRevista Brasileira de Zootecnia (Brazil)
_xISSN 1806-9290
_g(2018), v. 47 p. 1-9
_wBR2018000604
856 4 0 _uhttp://www.scielo.br/pdf/rbz/v47/1806-9290-rbz-47-e20170044.pdf
909 _a202311
_bLúcia
_c55
_dLúcia Elande
942 _2AGRIS
_n0
_cANA
999 _c253913
_d253913